000 01197nam a2200301 a 4500
001 ebr10415103
003 CaPaEBR
006 m u
007 cr cn|||||||||
008 101008s2006 ii a sb 000 0 eng d
020 _z9788189645427
020 _z8189645420
040 _aCaPaEBR
_cCaPaEBR
035 _a(OCoLC)656265461
043 _aa-ii---
050 1 4 _aJQ610
_b.S53 2006eb
100 1 _aSharma, S. K.
_q(Sanjeev Kumar)
245 1 0 _aCommunication trends and political behaviour
_h[electronic resource] :
_b(a study of Kumaun) /
_cSanjeev Kumar Sharma.
260 _aNew Delhi :
_bPragun Publication,
_c2006.
300 _a107 p. :
_bill.
504 _aIncludes bibliographical references.
533 _aElectronic reproduction.
_bPalo Alto, Calif. :
_cebrary,
_d2010.
_nAvailable via World Wide Web.
_nAccess may be limited to ebrary affiliated libraries.
650 0 _aCommunication in politics
_zIndia
_zKumaun.
650 0 _aPolitical participation
_zIndia
_zKumaun.
655 7 _aElectronic books.
_2local
710 2 _aebrary, Inc.
856 4 0 _uhttp://site.ebrary.com/lib/rucke/Doc?id=10415103
_zAn electronic book accessible through the World Wide Web; click to view
999 _c85567
_d85567